LEADER 01081nam0 22002771i 450 001 UON00230174 005 20231205103457.714 100 $a20030730d1977 |0itac50 ba 101 $aita 102 $aIT 105 $a|||| ||||| 200 1 $aˆLe ‰ 150 ore$fLucio Pagnoncelli 210 $aFirenze$cLa Nuova Italia$d1977 215 $a128 p.$d18 cm 410 1$1001UON00176869$12001 $a Scuola e cittadini$1210 $aFirenze$cLa Nuova Italia.$v2 606 $aEDUCAZIONE DEGLI ADULTI$3UONC049910$2FI 620 $aIT$dFirenze$3UONL000052 676 $a344.07685$cDiritto in materia di educazione e scuole. Educazione degli adulti$v20 700 1$aPAGNONCELLI$bLucio$3UONV139561$0482348 712 $aLa Nuova Italia$3UONV245954$4650 801 $aIT$bSOL$c20240220$gRICA 899 $aSIBA - SISTEMA BIBLIOTECARIO DI ATENEO$2UONSI 912 $aUON00230174 950 $aSIBA - SISTEMA BIBLIOTECARIO DI ATENEO$dSI FS 01518 $eSI LO 7609 7 996 $a150 ore$9276880 997 $aUNIOR